000 00956cab a2200265 4500
001 ABS45491
008 090401t1991 xxu||||| |||| 00| 0 eng d
035 _a(Sirsi) u53362
041 _aeng
100 _aBaker, B.
245 _aShaping Edinburgh`s future
260 _c1991
350 _a0
490 _aSurveyor
_v176(5169) 15 November 1991, 15-17(2)
520 _aReports on the range of policy measures being considered for the future traffic management of Edinburgh including pedestrianisation of the Golden Mile and a light railway system following two studies undertaken by MDA Consultancy on behalf of the Joint Authorities Transportation and Environment Study (JATES) and TVA.
650 _aEDINBURGH
650 _aLIGHT RAILWAYS
650 _aPUBLIC TRANSPORT
650 _aSCOTLAND
650 _aTRAFFIC MANAGEMENT
650 _aTRANSPORT POLICY
690 _aPLANNING LAW AND PRACTICE
942 _n0
948 _c04/03/1997
999 _c32900
_d32900